| 000 | 00574nam a22002177a 4500 | ||
|---|---|---|---|
| 003 | BD-DhSAU | ||
| 005 | 20230925163514.0 | ||
| 008 | 230621b2013 uk a|||| |||| 001 0 eng d | ||
| 020 | _a9781446275337 | ||
| 040 | _aBD-DhSAU | ||
| 082 |
_222 _a001.42 L264 |
||
| 100 | _aMey, Langha De | ||
| 245 |
_aAdvanced research methods/ _cLangha De Mey and Drik Smit |
||
| 260 |
_aLondon: _bSAGE; _c2013. |
||
| 300 |
_avi, 286 p. : _bill. : _c25 cm. |
||
| 500 | _aIncludes index. | ||
| 590 | _aroy | ||
| 650 | _aResearch methods | ||
| 710 | _aSmit, Drik | ||
| 942 |
_2ddc _cBOOK |
||
| 999 |
_c17045 _d17044 |
||